000 00294nam a22001217a 4500
008 171226b xxu||||| |||| 00| 0 eng d
041 _aeng
080 _a94
100 _a17
101 _aHIS
245 _aTRENDS AND VARIATIONS IN FERTILITY IN THE UNITED STATES
_cKISER,C.V
942 _2udc
_cBK
999 _c39407
_d39407